[Event "Titled Tuesday intern op 13th Apr"]
[Site "Chess.com INT"]
[Date "2021.04.13"]
[Round "1"]
[White "Lopez del Alamo, Antonio"]
[Black "Topak, Engin"]
[Result "0-1"]
[WhiteElo "2295"]
[BlackElo "2202"]
[PlyCount "60"]
[EventDate "2021.04.13"]
[EventType "swiss (blitz)"]
[EventRounds "11"]
[EventCountry "USA"]
[SourceTitle "CBM 201 Extra"]
[Source "ChessBase"]
[SourceDate "2021.05.31"]
[SourceVersion "1"]
[SourceVersionDate "2021.05.31"]
[SourceQuality "1"]

1. e4 Nf6 2. e5 Nd5 3. d4 d6 4. Nf3 Bg4 5. Be2 c6 6. h3 Bxf3 7. Bxf3 dxe5 8. dxe5 e6 9. 0-0 Nd7 10. c4 Ne7 11. Re1 Ng6 12. Nc3 Ndxe5 13. Qe2 Be7 14. b3 0-0 15. Bb2 Nxf3+ 16. Qxf3 Bf6 17. Rad1 Qe7 18. g3 Rfd8 19. h4 Nf8 20. Qe3 a6 21. Qb6 Rac8 22. Ba1 Qc7 23. Qe3 Rxd1 24. Rxd1 Rd8 25. Qe2 h6 26. Bb2 Ng6 27. h5 Ne7 28. Ne4 Rxd1+ 29. Qxd1 Bxb2 30. Qg4 f5 0-1

[Event "TUR-chT 2nd League"]
[Site "Konya"]
[Date "2019.07.27"]
[Round "8.4"]
[White "Ozates, Tuna"]
[Black "Topak, Engin"]
[Result "1-0"]
[WhiteElo "2218"]
[BlackElo "2206"]
[PlyCount "67"]
[EventDate "2019.07.22"]
[EventType "team-swiss"]
[EventRounds "9"]
[EventCountry "TUR"]
[SourceTitle "CBM 191 Extra"]
[Source "ChessBase"]
[SourceDate "2019.09.30"]
[SourceVersion "1"]
[SourceVersionDate "2019.09.30"]
[SourceQuality "1"]
[WhiteTeam "Samandag Altin"]
[BlackTeam "Bursa Nida"]
[WhiteTeamCountry "TUR"]
[BlackTeamCountry "TUR"]

1. d4 d5 2. Nf3 Nf6 3. e3 Bf5 4. Bd3 Bxd3 5. Qxd3 Nbd7 6. 0-0 e6 7. b3 c6 8. c4 Ne4 9. Nfd2 Nxd2 10. Nxd2 f5 11. f3 Bd6 12. Bb2 Qh4 13. f4 0-0 14. c5 Bc7 15. b4 a6 16. a4 Qe7 17. b5 Nf6 18. bxc6 bxc6 19. Bc3 Rfb8 20. Rab1 Qd8 21. Rxb8 Qxb8 22. Rb1 Qc8 23. Nf3 Rb8 24. Rxb8 Bxb8 25. Ba5 h6 26. Ne1 Qb7 27. Bb6 g5 28. g3 Nd7 29. a5 Ba7 30. fxg5 hxg5 31. g4 Bb8 32. gxf5 Nf6 33. fxe6 Ne4 34. Qf1 1-0

[Event "TUR-chT 2nd League"]
[Site "Konya"]
[Date "2019.07.24"]
[Round "4.2"]
[White "Topak, Engin"]
[Black "Metin, Mehmet"]
[Result "1/2-1/2"]
[WhiteElo "2206"]
[BlackElo "2150"]
[PlyCount "69"]
[EventDate "2019.07.22"]
[EventType "team-swiss"]
[EventRounds "9"]
[EventCountry "TUR"]
[SourceTitle "CBM 191 Extra"]
[Source "ChessBase"]
[SourceDate "2019.09.30"]
[SourceVersion "1"]
[SourceVersionDate "2019.09.30"]
[SourceQuality "1"]
[WhiteTeam "Bursa Nida"]
[BlackTeam "Mercan Egitim"]
[WhiteTeamCountry "TUR"]
[BlackTeamCountry "TUR"]

1. d4 Nf6 2. Nf3 d5 3. c4 e6 4. Nc3 Be7 5. Bg5 0-0 6. e3 Nbd7 7. Rc1 c6 8. cxd5 exd5 9. Bd3 Re8 10. 0-0 Ne4 11. Bxe7 Qxe7 12. Qc2 Nxc3 13. bxc3 g6 14. c4 dxc4 15. Bxc4 Nb6 16. Bb3 Be6 17. Ne5 Kg7 18. Bxe6 Qxe6 19. Rb1 Re7 20. Rb3 Nc8 21. Rfb1 Nd6 22. Nd3 Qd5 23. h3 Rd8 24. Nc5 b6 25. Nd3 Qe4 26. Rc1 Rc8 27. a4 Nb7 28. Rc3 Rec7 29. Nb4 Qxc2 30. R1xc2 c5 31. Na6 Rc6 32. Nb4 Rd6 33. Na6 Rdc6 34. Nb4 Rd6 35. Na6 1/2-1/2

[Event "TUR-chT 2nd League"]
[Site "Konya"]
[Date "2019.07.22"]
[Round "1.8"]
[White "Hacioglu, Berkan"]
[Black "Topak, Engin"]
[Result "1/2-1/2"]
[WhiteElo "1957"]
[BlackElo "2206"]
[PlyCount "63"]
[EventDate "2019.07.22"]
[EventType "team-swiss"]
[EventRounds "9"]
[EventCountry "TUR"]
[SourceTitle "CBM 191 Extra"]
[Source "ChessBase"]
[SourceDate "2019.09.30"]
[SourceVersion "1"]
[SourceVersionDate "2019.09.30"]
[SourceQuality "1"]
[WhiteTeam "Yalova Altinkale"]
[BlackTeam "Bursa Nida"]
[WhiteTeamCountry "TUR"]
[BlackTeamCountry "TUR"]

1. d4 Nf6 2. c4 c5 3. d5 b5 4. cxb5 a6 5. bxa6 Bxa6 6. Nc3 d6 7. Nf3 g6 8. Nd2 Bg7 9. e4 Bxf1 10. Nxf1 0-0 11. Ne3 Qa5 12. Bd2 Qb4 13. Qc2 Na6 14. 0-0 Rfb8 15. b3 Qd4 16. Rad1 Nb4 17. Qb1 Qd3 18. a4 Rb7 19. Nc4 Qxb1 20. Rxb1 Nc2 21. f4 Nd4 22. e5 dxe5 23. fxe5 Nd7 24. Bf4 Nxb3 25. Rf2 Rb4 26. e6 fxe6 27. dxe6 Nf8 28. Nd5 Rxc4 29. Rxb3 Nxe6 30. Nb6 Rcxa4 31. Nxa4 Rxa4 32. Be3 1/2-1/2

[Event "TUR-chT 1st League"]
[Site "Konya"]
[Date "2018.07.17"]
[Round "3.5"]
[White "Topak, Engin"]
[Black "Kuruz, Yusuf"]
[Result "1-0"]
[WhiteElo "2236"]
[BlackElo "1882"]
[PlyCount "63"]
[EventDate "2018.07.16"]
[EventType "team-swiss"]
[EventRounds "9"]
[EventCountry "TUR"]
[SourceTitle "EXT 2019"]
[Source "ChessBase"]
[SourceDate "2018.10.10"]
[SourceVersion "1"]
[SourceVersionDate "2018.10.10"]
[SourceQuality "1"]
[WhiteTeam "Berk Tugra Caliskan"]
[BlackTeam "Malatya Yesilyurt"]
[WhiteTeamCountry "TUR"]
[BlackTeamCountry "TUR"]

1. d4 Nf6 2. Nf3 d5 3. c4 c6 4. Nc3 dxc4 5. a4 Bf5 6. e3 e6 7. Bxc4 Bb4 8. 0-0 0-0 9. Qe2 Bg4 10. h3 Bh5 11. Rd1 Qe7 12. e4 h6 13. g4 Bg6 14. Ne5 Nfd7 15. Nxg6 fxg6 16. f4 Kh8 17. e5 Nb6 18. Bd3 Nd5 19. Nxd5 cxd5 20. Bxg6 Qh4 21. Kg2 Nd7 22. Be3 Rfc8 23. Rac1 Nf8 24. Bb1 g6 25. Rf1 Kg7 26. Rxc8 Rxc8 27. f5 gxf5 28. gxf5 Kh8 29. Rf4 Qe7 30. f6 Qf7 31. Rh4 Nh7 32. Rxh6 1-0

[Event "Topusko Amateur op 6th"]
[Site "Topusko"]
[Date "2017.08.18"]
[Round "8"]
[White "Radenic, Filip"]
[Black "Topak, Engin"]
[Result "0-1"]
[WhiteElo "2187"]
[BlackElo "2206"]
[PlyCount "126"]
[EventDate "2017.08.12"]
[EventType "swiss"]
[EventRounds "9"]
[EventCountry "CRO"]
[SourceTitle "CBM 180 Extra"]
[Source "ChessBase"]
[SourceDate "2017.10.06"]
[SourceVersion "1"]
[SourceVersionDate "2017.10.06"]
[SourceQuality "1"]

1. c4 g6 2. Nc3 Bg7 3. g3 c5 4. Bg2 Nc6 5. Nf3 e6 6. d3 Nge7 7. Bg5 h6 8. Bd2 0-0 9. 0-0 d5 10. a3 b6 11. Rb1 a5 12. Qc1 Kh7 13. Qc2 Bd7 14. e3 Rb8 15. Rfd1 d4 16. Ne2 dxe3 17. fxe3 e5 18. b4 axb4 19. axb4 Bf5 20. e4 Bg4 21. bxc5 bxc5 22. Rb5 Nb4 23. Bxb4 cxb4 24. Rxb8 Qxb8 25. Rb1 Nc6 26. Nc1 Rd8 27. h3 Bxf3 28. Bxf3 Bf8 29. Bd1 Bc5+ 30. Kg2 Qd6 31. Qd2 Nd4 32. Ra1 h5 33. h4 f5 34. Qa2 fxe4 35. dxe4 Qc6 36. Qb1 Rf8 37. Ra2 Qf6 38. Qd3 g5 39. hxg5 Qxg5 40. Qd2 Qg6 41. Qe3 Ne6 42. Qe1 h4 43. Kh2 Qh6 44. Nd3 hxg3+ 45. Kxg3 Be3 46. Bg4 Bf4+ 47. Nxf4 Qxf4+ 48. Kh4 Rg8 49. Qd1 Qh6+ 50. Kg3 Qf4+ 51. Kh4 Qh6+ 52. Kg3 Qf4+ 53. Kh4 Qf6+ 54. Kg3 Qf4+ 55. Kh4 Rg6 56. Ra7+ Ng7 57. Kh3 Rh6+ 58. Bh5 Qg5 59. Rxg7+ Qxg7 60. Qf3 Qg6 61. Kh4 Qxh5+ 62. Qxh5 Rxh5+ 63. Kxh5 b3 0-1

[Event "Topusko Amateur op 6th"]
[Site "Topusko"]
[Date "2017.08.12"]
[Round "1"]
[White "Zibrat, Matija"]
[Black "Topak, Engin"]
[Result "0-1"]
[WhiteElo "1843"]
[BlackElo "2206"]
[PlyCount "78"]
[EventDate "2017.08.12"]
[EventType "swiss"]
[EventRounds "9"]
[EventCountry "CRO"]
[SourceTitle "CBM 180 Extra"]
[Source "ChessBase"]
[SourceDate "2017.10.06"]
[SourceVersion "1"]
[SourceVersionDate "2017.10.06"]
[SourceQuality "1"]

1. c4 g6 2. Nc3 Bg7 3. g3 Nf6 4. Bg2 0-0 5. Nf3 d6 6. 0-0 Nc6 7. d4 Bd7 8. e3 a6 9. a3 Rb8 10. Bd2 Na5 11. b3 c5 12. Nd5 Nc6 13. Rc1 cxd4 14. Nxd4 Nxd4 15. exd4 Nxd5 16. cxd5 Bxd4 17. Bh6 Bg7 18. Bxg7 Kxg7 19. Qd4+ Kg8 20. Rc3 Rc8 21. Rfc1 Qa5 22. b4 Qa4 23. Bf3 Qb5 24. h4 Rxc3 25. Rxc3 Rc8 26. Rxc8+ Bxc8 27. Bd1 Bf5 28. Kg2 a5 29. g4 Bd7 30. h5 axb4 31. axb4 gxh5 32. gxh5 Bf5 33. Bf3 f6 34. Qf4 Qd3 35. h6 Kf7 36. Qg3 Bg6 37. Qf4 Qf5 38. Qc4 Qg5+ 39. Kf1 Qxh6 0-1

[Event "TUR-chT"]
[Site "Kocaeli"]
[Date "2017.08.06"]
[Round "13.3"]
[White "Topak, Engin"]
[Black "Secer, Ata"]
[Result "1/2-1/2"]
[WhiteElo "2192"]
[BlackElo "2301"]
[PlyCount "61"]
[EventDate "2017.07.26"]
[EventType "team-tourn"]
[EventRounds "13"]
[EventCountry "TUR"]
[SourceTitle "CBM 179 Extra"]
[Source "ChessBase"]
[SourceDate "2017.08.23"]
[SourceVersion "1"]
[SourceVersionDate "2017.08.23"]
[SourceQuality "1"]
[WhiteTeam "Panelsan Genc"]
[BlackTeam "Deniz su Aquamatch"]
[WhiteTeamCountry "TUR"]
[BlackTeamCountry "TUR"]

1. c4 c6 2. Nf3 d5 3. e3 Nf6 4. Nc3 a6 5. d4 b5 6. b3 Bg4 7. Qc2 Bxf3 8. gxf3 Nbd7 9. f4 e6 10. c5 Be7 11. Bd3 a5 12. a4 b4 13. Ne2 g6 14. Bd2 Nh5 15. 0-0-0 Ndf6 16. f3 Ng7 17. e4 Qd7 18. Rhg1 Nfh5 19. Be3 f5 20. e5 Kf7 21. Rg2 Rag8 22. Ng1 Qd8 23. Nh3 Ke8 24. Rdg1 Kf7 25. Kb1 Ke8 26. Ka2 Kd7 27. Bf1 Rf8 28. Kb1 Rhg8 29. Qe2 Rh8 30. Kc2 Rhg8 31. Kb1 1/2-1/2

[Event "TUR-chT"]
[Site "Kocaeli"]
[Date "2017.08.02"]
[Round "8.6"]
[White "Markus, Robert"]
[Black "Topak, Engin"]
[Result "1-0"]
[WhiteElo "2672"]
[BlackElo "2192"]
[PlyCount "83"]
[EventDate "2017.07.26"]
[EventType "team-tourn"]
[EventRounds "13"]
[EventCountry "TUR"]
[SourceTitle "CBM 179 Extra"]
[Source "ChessBase"]
[SourceDate "2017.08.23"]
[SourceVersion "1"]
[SourceVersionDate "2017.08.23"]
[SourceQuality "1"]
[WhiteTeam "Istanbul Besiktas"]
[BlackTeam "Panelsan Genc"]
[WhiteTeamCountry "TUR"]
[BlackTeamCountry "TUR"]

1. d4 Nf6 2. c4 e6 3. Nf3 d5 4. e3 Be7 5. b3 0-0 6. Bd3 Nbd7 7. 0-0 b6 8. Nc3 Bb7 9. Bb2 c5 10. cxd5 cxd4 11. Nxd4 Nxd5 12. Nxd5 Bxd5 13. Qe2 a5 14. Rfd1 Nc5 15. Bc2 Qc7 16. Nf5 exf5 17. Rxd5 g6 18. g4 fxg4 19. Qxg4 Ne6 20. Bxg6 hxg6 21. Rh5 Ng7 22. Qd4 f6 23. Qd5+ Ne6 24. Qxe6+ Kg7 25. Rd5 Rad8 26. Rc1 Qb7 27. e4 Rxd5 28. exd5 Bc5 29. Rc4 Qf7 30. Re4 Rd8 31. Rf4 Qxe6 32. dxe6 Be7 33. Rd4 Rxd4 34. Bxd4 b5 35. Kg2 Kf8 36. Kf3 f5 37. Kf4 a4 38. Ke5 axb3 39. axb3 Ke8 40. Kd5 Bg5 41. Bc5 Bf4 42. h3 1-0

[Event "TUR-chT"]
[Site "Kocaeli"]
[Date "2017.07.30"]
[Round "5.3"]
[White "Topak, Engin"]
[Black "Karatekin, Tamer"]
[Result "1-0"]
[WhiteElo "2192"]
[BlackElo "2287"]
[PlyCount "79"]
[EventDate "2017.07.26"]
[EventType "team-tourn"]
[EventRounds "13"]
[EventCountry "TUR"]
[SourceTitle "CBM 179 Extra"]
[Source "ChessBase"]
[SourceDate "2017.08.23"]
[SourceVersion "1"]
[SourceVersionDate "2017.08.23"]
[SourceQuality "1"]
[WhiteTeam "Panelsan Genc"]
[BlackTeam "Varyant Yontem"]
[WhiteTeamCountry "TUR"]
[BlackTeamCountry "TUR"]

1. e4 c6 2. Nf3 d5 3. Nc3 Bg4 4. h3 Bh5 5. d4 dxe4 6. Nxe4 e6 7. c3 Nd7 8. Bf4 Ndf6 9. Ng3 Bg6 10. Ne5 Ne7 11. Qb3 Nfd5 12. Bd2 Qb6 13. 0-0-0 Nf5 14. Nxf5 Bxf5 15. g4 Bg6 16. h4 f6 17. h5 Be4 18. f3 fxe5 19. fxe4 Qxb3 20. axb3 Nf6 21. Bc4 exd4 22. Bxe6 Bc5 23. Rhe1 Rd8 24. e5 Nd5 25. cxd4 Bxd4 26. Bg5 Ne7 27. Rf1 Rf8 28. Rxf8+ Kxf8 29. Rf1+ Ke8 30. Rf7 Rd7 31. Rxg7 Rc7 32. Bf6 Be3+ 33. Kb1 Bh6 34. Rxh7 Bf8 35. g5 Nd5 36. Rxc7 Nxc7 37. Bg8 Nd5 38. Bxd5 cxd5 39. h6 Kf7 40. h7 1-0

[Event "Ankara Baskent Univ op 2nd"]
[Site "Ankara"]
[Date "2017.07.01"]
[Round "3"]
[White "Gok, Fatih"]
[Black "Topak, Engin"]
[Result "0-1"]
[WhiteElo "1970"]
[BlackElo "2192"]
[PlyCount "75"]
[EventDate "2017.06.30"]
[EventType "swiss"]
[EventRounds "9"]
[EventCountry "TUR"]
[SourceTitle "CBM 179 Extra"]
[Source "ChessBase"]
[SourceDate "2017.08.23"]
[SourceVersion "1"]
[SourceVersionDate "2017.08.23"]
[SourceQuality "1"]

1. d4 g6 2. c4 Bg7 3. Nf3 d6 4. Nc3 Nd7 5. Bg5 h6 6. Bh4 g5 7. Bg3 Ngf6 8. e3 Nh5 9. Be2 e6 10. Qc2 0-0 11. Rd1 f5 12. Nd2 Ndf6 13. c5 Nxg3 14. hxg3 dxc5 15. dxc5 Qe7 16. Nb3 e5 17. Bc4+ Kh8 18. g4 e4 19. gxf5 Bxf5 20. Kd2 Ng4 21. Nd5 Qe5 22. Kc1 Bh7 23. Rhf1 c6 24. Nc3 b5 25. cxb6 axb6 26. Nd4 Rf6 27. Qe2 h5 28. Rd2 Raf8 29. Qe1 b5 30. Bb3 b4 31. Na4 c5 32. Nc2 Qc7 33. Rd5 Nxf2 34. Rxf2 Rxf2 35. Rxc5 Qg3 36. Bc4 Qxg2 37. Qd1 h4 38. Nd4 0-1

[Event "Ankara Baskent Univ op 2nd"]
[Site "Ankara"]
[Date "2017.??.??"]
[Round "7"]
[White "Abdullayev, Azer"]
[Black "Topak, Engin"]
[Result "1/2-1/2"]
[WhiteElo "2006"]
[BlackElo "2192"]
[PlyCount "54"]
[EventDate "2017.06.30"]
[EventType "swiss"]
[EventRounds "9"]
[EventCountry "TUR"]
[SourceTitle "CBM 179 Extra"]
[Source "ChessBase"]
[SourceDate "2017.08.23"]
[SourceVersion "1"]
[SourceVersionDate "2017.08.23"]
[SourceQuality "1"]

1. d4 d5 2. c4 c6 3. Nf3 Nf6 4. Nc3 e6 5. e3 Nbd7 6. Bd3 Bd6 7. 0-0 0-0 8. e4 dxe4 9. Nxe4 Nxe4 10. Bxe4 Nf6 11. Bc2 b6 12. Bg5 Bb7 13. Qd3 g6 14. Rad1 Be7 15. Rfe1 Re8 16. Ne5 Nd7 17. Qf3 Nxe5 18. dxe5 Qc7 19. Bxe7 Rxe7 20. Rd6 Rd8 21. Red1 Red7 22. Qd3 Rxd6 23. exd6 Qd7 24. Qd4 c5 25. Qf6 Bc6 26. h4 Re8 27. h5 Qd8 1/2-1/2

[Event "Ankara Baskent Univ op 2nd"]
[Site "Ankara"]
[Date "2017.??.??"]
[Round "8"]
[White "Topak, Engin"]
[Black "Alaz, Ahmet Efekan"]
[Result "1-0"]
[WhiteElo "2192"]
[BlackElo "2015"]
[PlyCount "113"]
[EventDate "2017.06.30"]
[EventType "swiss"]
[EventRounds "9"]
[EventCountry "TUR"]
[SourceTitle "CBM 179 Extra"]
[Source "ChessBase"]
[SourceDate "2017.08.23"]
[SourceVersion "1"]
[SourceVersionDate "2017.08.23"]
[SourceQuality "1"]

1. Nf3 Nf6 2. c4 d6 3. d4 Nbd7 4. Nc3 e5 5. e3 Be7 6. Be2 c6 7. Qc2 Qc7 8. 0-0 h6 9. b3 Nf8 10. Bb2 g5 11. dxe5 dxe5 12. Ne4 Ng6 13. Bd3 Nxe4 14. Bxe4 g4 15. Nd2 Rg8 16. c5 Be6 17. Nc4 Bxc4 18. Qxc4 Rd8 19. b4 a6 20. Rfd1 Bf6 21. Bc2 h5 22. Bb3 Kf8 23. Rxd8+ Bxd8 24. Rd1 Kg7 25. Qd3 Qc8 26. Qd7 Be7 27. Qxc8 Rxc8 28. Rd7 h4 29. g3 h3 30. Rxb7 Kf6 31. Kf1 Nf8 32. Bxe5+ Kxe5 33. Rxe7+ Ne6 34. Bxe6 fxe6 35. Ra7 Kd5 36. Rxa6 Kc4 37. a3 Kc3 38. Ke2 Kc2 39. f3 e5 40. fxg4 e4 41. Ra7 Rd8 42. Rf7 Rd2+ 43. Kf1 Rd1+ 44. Kf2 Rh1 45. g5 Rxh2+ 46. Kf1 Kd3 47. b5 Kxe3 48. Kg1 Rg2+ 49. Kh1 cxb5 50. g6 Rxg3 51. g7 Kd4 52. c6 e3 53. Rd7+ Ke4 54. c7 e2 55. Re7+ Kf3 56. c8Q Rxg7 57. Qf5+ 1-0

[Event "Ankara Baskent Univ op 2nd"]
[Site "Ankara"]
[Date "2017.??.??"]
[Round "6"]
[White "Topak, Engin"]
[Black "Ozsakallioglu, Okan"]
[Result "1-0"]
[WhiteElo "2192"]
[BlackElo "1925"]
[PlyCount "79"]
[EventDate "2017.06.30"]
[EventType "swiss"]
[EventRounds "9"]
[EventCountry "TUR"]
[SourceTitle "CBM 179 Extra"]
[Source "ChessBase"]
[SourceDate "2017.08.23"]
[SourceVersion "1"]
[SourceVersionDate "2017.08.23"]
[SourceQuality "1"]

1. d4 Nf6 2. Nf3 e6 3. Bf4 b6 4. Nbd2 Bb7 5. e3 c5 6. c3 Be7 7. Bd3 0-0 8. 0-0 d5 9. Qb1 Nbd7 10. Ne5 h6 11. b4 c4 12. Bc2 Nxe5 13. Bxe5 Bd6 14. Bxd6 Qxd6 15. f4 Ng4 16. Qe1 f5 17. a4 a5 18. b5 g5 19. Nf3 gxf4 20. exf4 Rae8 21. h3 Nf6 22. Ne5 Kh7 23. Qh4 Ne4 24. Qh5 Rg8 25. Bxe4 dxe4 26. Qf7+ Rg7 27. Qxe8 e3 28. Nc6 Qd5 29. Ra2 Qe4 30. Qh5 Qd3 31. Qe2 Qxc3 32. Rf3 Qc1+ 33. Kh2 e5 34. fxe5 Bc8 35. d5 f4 36. Qc2+ Qxc2 37. Rxc2 Bf5 38. Rxc4 Bd3 39. Rc1 Be4 40. d6 1-0

[Event "TUR-chT"]
[Site "Izmir"]
[Date "2016.07.30"]
[Round "7.3"]
[White "Mchedlishvili, Mikheil"]
[Black "Topak, Engin"]
[Result "1-0"]
[WhiteElo "2604"]
[BlackElo "2195"]
[PlyCount "75"]
[EventDate "2016.07.25"]
[EventType "team-swiss"]
[EventRounds "13"]
[EventCountry "TUR"]
[SourceTitle "CBM 173 Extra"]
[Source "ChessBase"]
[SourceDate "2016.08.29"]
[SourceVersion "1"]
[SourceVersionDate "2016.08.29"]
[SourceQuality "1"]
[WhiteTeam "Tarsus Zeka"]
[BlackTeam "Onur Koleji Genc"]
[WhiteTeamCountry "TUR"]
[BlackTeamCountry "TUR"]

1. c4 Nf6 2. Nc3 e5 3. Nf3 Nc6 4. g3 Bc5 5. Bg2 a6 6. Nxe5 Bxf2+ 7. Kxf2 Nxe5 8. d3 Neg4+ 9. Kg1 Qe7 10. e4 d6 11. d4 c5 12. Bf4 Nh5 13. Nd5 Qd8 14. dxc5 Nxf4 15. gxf4 dxc5 16. Qa4+ Bd7 17. Qa3 Rc8 18. Qg3 0-0 19. Rd1 Kh8 20. h3 Nf6 21. Kh2 Nxd5 22. cxd5 b5 23. Rhg1 Rg8 24. d6 c4 25. e5 Bf5 26. Bb7 Rb8 27. Qf3 Qd7 28. Bc6 Qe6 29. Rd4 Bd3 30. d7 Rbd8 31. Rd6 Qe7 32. Qe3 Bf5 33. Qd4 Qh4 34. Rg3 Qe7 35. a3 Be6 36. Qd2 h5 37. Rg5 g6 38. f5 1-0

[Event "TUR-chT"]
[Site "Izmir"]
[Date "2016.07.27"]
[Round "3.4"]
[White "Apaydin, Fethi"]
[Black "Topak, Engin"]
[Result "0-1"]
[WhiteElo "2244"]
[BlackElo "2195"]
[PlyCount "62"]
[EventDate "2016.07.25"]
[EventType "team-swiss"]
[EventRounds "13"]
[EventCountry "TUR"]
[SourceTitle "CBM 173 Extra"]
[Source "ChessBase"]
[SourceDate "2016.08.29"]
[SourceVersion "1"]
[SourceVersionDate "2016.08.29"]
[SourceQuality "1"]
[WhiteTeam "Besiktas Jimnastik"]
[BlackTeam "Onur Koleji Genc"]
[WhiteTeamCountry "TUR"]
[BlackTeamCountry "TUR"]

1. e4 c6 2. d3 d5 3. Nd2 e5 4. Ngf3 Bd6 5. d4 exd4 6. exd5 cxd5 7. Bb5+ Bd7 8. Bxd7+ Qxd7 9. 0-0 Ne7 10. Nb3 0-0 11. Nbxd4 Nbc6 12. Re1 Rfe8 13. Nb5 Bc5 14. Be3 b6 15. c4 a6 16. Bxc5 bxc5 17. Nc3 d4 18. Ne4 Qa7 19. Nfg5 h6 20. Nh3 Ng6 21. f4 f5 22. Qh5 Rxe4 23. Rxe4 fxe4 24. Qxg6 Qd7 25. Qxe4 Re8 26. Qg6 d3 27. Rf1 d2 28. Nf2 Re1 29. Qh5 Nb4 30. Qf3 Qd4 31. Qc3 d1Q 0-1